000 00292nam a22001337a 4500
008 171101b xxu||||| |||| 00| 0 eng d
020 _a9780742525450
041 _aeng
080 _a339.9
100 _a59
101 _aGLO
245 _aRITHINKING GLOBALISM
_cSTEGER,M,B
942 _2udc
_cBK
999 _c37119
_d37119